El Museu Arqueologich - Artistich Episcopal de Vich en ... : memoria llegida pel conservador Mossén Joseph Gudiol y Cunill, en la reunió de la Junta directiva que tingué lloc el dia... memoria llegida pel conservador Mossén Joseph Gudiol y Cunill, en la reunió de la Junta directiva que tingué lloc el dia...
Descripción Física:
5 v. ; 20 cm
Materias:
Museu Episcopal de Vic -- Memòries
MARC
| LEADER | 00000nam a2200000Ia 4500 | ||
|---|---|---|---|
| 001 | 10279, 10280, 20183, 19392, 20184, 10281, 16149, 16150 | ||
| 008 | 160829s1909 - 1923 xx 000 0 cat d | ||
| 080 | |a RF-1-33, RF-1-34 ; 2274, exp. 13 ; 3402 exp. 2, 3390, exp. 18 ; RF-1-35, RF-1-36, RF-1-37 | ||
| 100 | 1 | |a Gudiol i Cunill, Josep, |d 1872-1931 |9 56241 | |
| 245 | |a El Museu Arqueologich - Artistich Episcopal de Vich en ... : |b memoria llegida pel conservador Mossén Joseph Gudiol y Cunill, en la reunió de la Junta directiva que tingué lloc el dia... | ||
| 260 | |a Vic : |b (Impr. de G. y R. Portavella), |c 1909 - 1923 | ||
| 300 | |a 5 v. ; |c 20 cm | ||
| 590 | |a La imprempta varia a partir de 1920: Tip. Balmesiana. | ||
| 590 | |a El v. de 1908 prové de 2292, exp. 5 ; el v. de 1910 prové de 2372, exp. 7 | ||
| 650 | |a Museu Episcopal de Vic |x Memòries |9 48609 | ||
| 856 | 4 | |u https://media.diba.cat/diba/fitxers/arxiu/fulletons/bib_16150_1910_baixa.pdf |y Any 1910 | |
| 856 | 4 | |u https://media.diba.cat/diba/fitxers/arxiu/fulletons/bib_16149_1908_baixa.pdf |y Any 1908 | |
| 856 | 4 | |u https://media.diba.cat/diba/fitxers/arxiu/fulletons/bib_10281_1922_baixa.pdf |y Any 1922 | |
| 856 | 4 | |u https://media.diba.cat/diba/fitxers/arxiu/fulletons/bib_10280_1921_baixa.pdf |y Any 1921 | |
| 856 | 4 | |u https://media.diba.cat/diba/fitxers/arxiu/fulletons/bib_10279_1920_baixa.pdf |y Any 1920 | |
| 856 | 4 | |u https://media.diba.cat/diba/fitxers/arxiu/fulletons/bib_16150_1910_baixa.pdf |y Any 1910 | |
| 856 | 4 | |u https://media.diba.cat/diba/fitxers/arxiu/fulletons/bib_16149_1908_baixa.pdf |y Any 1908 | |
| 856 | 4 | |u https://media.diba.cat/diba/fitxers/arxiu/fulletons/bib_10281_1922_baixa.pdf |y Any 1922 | |
| 856 | 4 | |u https://media.diba.cat/diba/fitxers/arxiu/fulletons/bib_10280_1921_baixa.pdf |y Any 1921 | |
| 856 | 4 | |u https://media.diba.cat/diba/fitxers/arxiu/fulletons/bib_10279_1920_baixa.pdf |y Any 1920 | |
| 866 | |a 1908, 1910, 1911, 1913, 1918, 1920, 1921, 1922 | ||
| 901 | |a Arxiu | ||
| 942 | |n 1 |2 udc | ||
| 952 | |0 0 |1 0 |4 0 |6 RF133_RF134__2274_EXP_13__3402_EXP_2_3390_EXP_18__RF135_RF136_RF137 |7 1 |9 54696 |a Arxiu |b Arxiu |d 2016-12-01 |l 0 |o RF-1-33, RF-1-34 ; 2274, exp. 13 ; 3402 exp. 2, 3390, exp. 18 ; RF-1-35, RF-1-36, RF-1-37 |p 10279, 10280, 20183, |r 2016-12-01 00:00:00 |w 2016-12-01 |y ARXIU | ||
| 999 | |c 58565 |d 58565 | ||
| 900 | |a bib_10279_1920_baixa.pdf | ||
| 900 | |a bib_10280_1921_baixa.pdf | ||
| 900 | |a bib_10281_1922_baixa.pdf | ||
| 900 | |a bib_16149_1908_baixa.pdf | ||
| 900 | |a bib_16150_1910_baixa.pdf | ||